[Event "DEM U10/U10w 2013"]
[Site "Oberhof GER"]
[Date "2013.05.20"]
[Round "4"]
[White "Jaenecke, Maike"]
[Black "Ziegenfuß, Antonia"]
[Result "0-1"]
[Termination "normal"]
[Board "44"]
[WhiteElo "968"]
[BlackElo "1064"]
[PlyCount "114"]
[BlackFideId "12962554"]
[EventCountry "GER"]
[EventRounds "11"]
[EventType "swiss"]
[EventDate "2013.05.18"]

1. e4 e5 2. Nf3 d6 3. Nc3 Nc6 4. Bc4 Be7 5. b3 Nf6 6. Bb2 O-O 7. O-O Be6 8. Be2
Qd7 9. h3 Rad8 10. Re1 a6 11. Qc1 b5 12. Nd1 Nxe4 13. d3 Nc5 14. Nc3 f5 15. Bd1
f4 16. a3 Rf6 17. Ng5 Rg6 18. Nxe6 Qxe6 19. f3 Qxh3 20. Re2 Nd4 21. Rf2 Bh4 22.
Rd2 Be1 23. Nd5 Kh8 24. Bxd4 Bxd2 25. Qxd2 exd4 26. Nxf4 Qh6 27. Nxg6+ Qxg6 28.
b4 Ne6 29. Rc1 Qg5 30. Qxg5 Nxg5 31. f4 Ne6 32. f5 Ng5 33. Bg4 Re8 34. Bh5 Re5
35. Rf1 c5 36. bxc5 dxc5 37. Rf2 b4 38. a4 Re1+ 39. Kh2 Ra1 40. Re2 g6 41. f6
Kg8 42. Bg4 Rxa4 43. Bd7 Ra1 44. Be6+ Nxe6 45. Rxe6 Kf7 46. Rb6 a5 47. Kg3 a4
48. Kg4 a3 49. Kg5 a2 50. Rb7+ Kf8 51. f7 Rf1 52. Rb8+ Kxf7 53. Rb7+ Kg8 54.
Rb8+ Rf8 55. Rb7 a1=Q 56. Kh6 Qh1+ 57. Kg5 Qh5# 0-1

[Event "DEM U10/U10w 2013"]
[Site "Oberhof GER"]
[Date "2013.05.20"]
[Round "4"]
[White "Indilewitsch, Marie-Claire"]
[Black "Schilay, Maria"]
[Result "1-0"]
[Termination "normal"]
[Board "45"]
[WhiteElo "963"]
[BlackElo "1048"]
[PlyCount "57"]
[BlackFideId "12942979"]
[EventCountry "GER"]
[EventRounds "11"]
[EventType "swiss"]
[EventDate "2013.05.18"]

1. e4 e5 2. Nf3 Nc6 3. Bc4 Nf6 4. d4 exd4 5. O-O Bc5 6. e5 Ng4 7. Bxf7+ Kxf7 8.
Ng5+ Ke8 9. Qxg4 Qe7 10. Re1 Nb4 11. e6 d6 12. Re2 d3 13. cxd3 Nxd3 14. Bd2
Nxb2 15. Nc3 c6 16. Rc1 h5 17. Qf5 Rf8 18. Qg6+ Kd8 19. Nf7+ Kc7 20. Bf4 Nc4
21. Na4 b6 22. Nxc5 bxc5 23. Rxc4 Ba6 24. Bxd6+ Kb7 25. Bxe7 Bxc4 26. Rb2+ Kc7
27. Bxf8 Rxf8 28. Qg3+ Kc8 29. Qb8# 1-0

[Event "DEM U10/U10w 2013"]
[Site "Oberhof GER"]
[Date "2013.05.20"]
[Round "4"]
[White "Wachinger, Nikolas"]
[Black "Rizo Wellmann, Darja"]
[Result "1-0"]
[Termination "normal"]
[Board "46"]
[WhiteElo "1007"]
[BlackElo "956"]
[PlyCount "45"]
[WhiteFideId "12962791"]
[BlackFideId "16218361"]
[EventCountry "GER"]
[EventRounds "11"]
[EventType "swiss"]
[EventDate "2013.05.18"]

1. e4 e5 2. Nf3 Nc6 3. Bb5 f5 4. exf5 e4 5. Bxc6 bxc6 6. Qe2 Qe7 7. Nd4 d5 8.
Nxc6 Qc5 9. Qh5+ g6 10. fxg6 hxg6 11. Qxh8 Qxc2 12. Nb4 Qxc1+ 13. Ke2 Qxh1 14.
Qxg8 Bg4+ 15. Ke3 Qxg2 16. Qxg6+ Ke7 17. Nxd5+ Kd7 18. Nf6+ Kd6 19. Qxg4 Qf1
20. Nxe4+ Kd5 21. Nbc3+ Ke5 22. Rxf1 c5 23. f4# 1-0

[Event "DEM U10/U10w 2013"]
[Site "Oberhof GER"]
[Date "2013.05.20"]
[Round "4"]
[White "Ruppert, Paula"]
[Black "Zell, Hannah"]
[Result "1-0"]
[Termination "normal"]
[Board "47"]
[WhiteElo "989"]
[BlackElo "723"]
[PlyCount "61"]
[WhiteFideId "12979996"]
[BlackFideId "16208900"]
[EventCountry "GER"]
[EventRounds "11"]
[EventType "swiss"]
[EventDate "2013.05.18"]

1. e4 d5 2. exd5 Qxd5 3. Nc3 Qa5 4. d4 c5 5. dxc5 Bd7 6. Be3 e5 7. Qd5 Qc7 8.
Bc4 Be6 9. Qd3 Bxc4 10. Qxc4 Nc6 11. O-O-O Rd8 12. Nf3 Na5 13. Qa4+ Nc6 14. Nd5
Qc8 15. Nxe5 Nf6 16. Nxf6+ gxf6 17. Nc4 Rg8 18. g3 Rg6 19. Rhe1 a6 20. Bf4+ Be7
21. Nd6+ Rxd6 22. cxd6 b5 23. Qe4 Rg4 24. d7+ Qxd7 25. Rxd7 Kxd7 26. Qd5+ Ke8
27. Qxc6+ Kf8 28. Qc8+ Kg7 29. Qxg4+ Kf8 30. Bh6+ Ke8 31. Qc8# 1-0